000 01355nam a2200337 a 4500
001 ebr10524310
003 CaPaEBR
006 m u
007 cr cn|||||||||
008 111018s2012 ne sb 001 0 eng d
010 _z 2011042187
020 _z9789004218222 (hardback : alk. paper)
020 _z9789004221307 (e-book)
040 _aCaPaEBR
_cCaPaEBR
035 _a(OCoLC)778434353
050 1 4 _aBS1235.52
_b.Z44 2012eb
082 0 4 _a222/.11066
_223
100 1 _aZeelander, Susan.
245 1 0 _aClosure in Biblical narrative
_h[electronic resource] /
_cby Susan Zeelander.
260 _aLeiden, The Netherlands :
_bBrill,
_c2012.
300 _axii, 232 p.
490 1 _aBiblical interpretation series,
_x0928-0731 ;
_vv. 111
504 _aIncludes bibliographical references and indexes.
533 _aElectronic reproduction.
_bPalo Alto, Calif. :
_cebrary,
_d2013.
_nAvailable via World Wide Web.
_nAccess may be limited to ebrary affiliated libraries.
630 0 0 _aBible.
_pO.T.
_pGenesis
_xCriticism, Narrative.
650 0 _aClosure (Rhetoric) in the Bible.
655 7 _aElectronic books.
_2local
710 2 _aebrary, Inc.
830 0 _aBiblical interpretation series ;
_vv. 111.
856 4 0 _uhttp://site.ebrary.com/lib/rucke/Doc?id=10524310
_zAn electronic book accessible through the World Wide Web; click to view
999 _c238830
_d238830